000 00606cam a22002411 4500
001 sa 68009110
003 DLC
005 20260227112540.0
008 950303s1967 ii 000 0 beno
010 _asa 68009110
025 _aPL480:EP-B-1663
035 _a(OCoLC)32083936
040 _aDLC
_cCU
_dCU
_dDLC
042 _apremarc
050 0 0 _aJQ546.L3
_bQ3
100 1 _aQuasem, Mohammad Abul,
_d1920-
245 1 0 _aBhāshā āndolanera itihāsa.
260 _c[1967]
300 _aii, 39 p.
_c20 cm.
500 _aIn Bengali.
651 0 _aPakistan
_xLanguages.
650 0 _aBengali language.
999 _c82721
_d82721